Good business? (Record no. 72683)
[ view plain ]
| 000 -LEADER | |
|---|---|
| fixed length control field | 00951cam a2200205 4500 |
| 001 - CONTROL NUMBER | |
| control field | ABS66671 |
| 008 - FIXED-LENGTH DATA ELEMENTS--GENERAL INFORMATION | |
| fixed length control field | 030516n2003 000 0 eng u |
| 035 ## - SYSTEM CONTROL NUMBER | |
| System control number | (Sirsi) u122301 |
| 100 ## - MAIN ENTRY--PERSONAL NAME | |
| Personal name | Teller, T. |
| 245 ## - TITLE STATEMENT | |
| Title | Good business? |
| 260 ## - PUBLICATION, DISTRIBUTION, ETC. | |
| Date of publication, distribution, etc. | 2003 |
| 490 ## - SERIES STATEMENT | |
| Series statement | RICS Business |
| Volume/sequential designation | April 2003, 30-32(3) |
| 520 ## - SUMMARY, ETC. | |
| Summary, etc. | Assesses the relevance and the business necessity of the corporate social responsibility agenda. Provides the business case for social involvement and greater transparency and the need for independent auditing of corporate environmental performance and social impact. Looks at the examples of the Considerate Constructors Scheme, Urban Catalyst, the development experts and Business in the Community's corporate responsibility index initiative. |
| 590 ## - LOCAL NOTE (RLIN) | |
| Local note | ABS |
| 650 ## - SUBJECT ADDED ENTRY--TOPICAL TERM | |
| Topical term or geographic name entry element | CORPORATE SOCIAL RESPONSIBILITY |
| 650 ## - SUBJECT ADDED ENTRY--TOPICAL TERM | |
| Topical term or geographic name entry element | ENVIRONMENTAL PERFORMANCE |
| 650 ## - SUBJECT ADDED ENTRY--TOPICAL TERM | |
| Topical term or geographic name entry element | AUDITS |
| 690 ## - LOCAL SUBJECT ADDED ENTRY--TOPICAL TERM (OCLC, RLIN) | |
| Topical term or geographic name as entry element | MANAGEMENT-BUSINESS MANAGEMENT |
| 942 ## - ADDED ENTRY ELEMENTS (KOHA) | |
| Suppress in OPAC | 0 |
| Withdrawn status | Lost status | Source of classification or shelving scheme | Damaged status | Not for loan | Home library | Current library | Shelving location | Date acquired | Total Checkouts | Full call number | Barcode | Date last seen | Copy number | Price effective from | Koha item type |
|---|---|---|---|---|---|---|---|---|---|---|---|---|---|---|---|
| Dewey Decimal Classification | London | London | Journal article | 16/05/2003 | ABS66671 | 122301-1001 | 06/08/2019 | 1 | 06/08/2019 | Journal article | |||||
| Dewey Decimal Classification | Virtual | Virtual | Online | 04/06/2003 | ONLINE PUBLICATION | 122301-2001 | 06/08/2019 | 1 | 06/08/2019 | Journal article |